000 00471nam a22001457a 4500
008 250524b |||||||| |||| 00| 0 eng d
020 _a9783867278218
050 _aLC173
_b.O23
100 _aObasi, N. Isaac
245 _aPrivate higher education and public policy in Africa
_bA contrasting case of Nigeria and botswana
260 _aGottingen
_bCuvillier verlag
_c2008
300 _axviii, 203p.
_bill.
650 _aHigher education and state united state
942 _cBK
999 _c3657
_d3657